00589nam a2200193Ia 4500008004100000020001400041082001500055100002000070245002600090250000800116260003500124300002600159500000700185600003400192650001500226942000700241952013200248999001500380240925s9999 xx 000 0 und d a750653698 a621.384IAN aIan , Hickman - 0aPractical RF handbook a3rd aToronto:bMc Graw-Hillc,2002. ax,194p.bNAfOriginal aNA aTelecommunication Engineering aTechnology cBK 001040708ELaUITUbUITUd2002-06-08eRoyal Book Company g1738.06l0o621.384IANpQ4490r2024-09-25 07:13:31w2024-09-25yBK c6989d6989